000 01066nam a2200301 i 4500
003 DO-SdBNP
005 20250728074521.0
007 ta
008 250728s2004 dr r 000 0 spa d
040 _aDO-SdBNP
_bspa
_cBNPHU
_erda
041 _aspa
082 _a341
_bA696m, 2004
_222
100 1 _aArias, Luis,
_q(Arias Núñez)
_99356
_eautor
_4aut.
245 1 0 _aManual de derecho internacional privado /
_cLuis Arias Núñez ; prólogo Bienvenido Mejía Mejía.
250 _aCuarta edición
264 1 _aSanto Domingo :
_bEditora Centenario,
_c2004.
300 _a520 páginas ;
_c23 cm.
336 _atexto
_btxt
_2rdacontent
337 _asin mediación
_bn
_2rdamedia
338 _avolumen
_bnc
_2rdacarrier
504 _aIncluye referencias bibliográficas y notas al pie de las páginas.
590 _aInventariado, 2025/ YL
650 4 _aDerecho internacional privado
_zRepública Dominicana
_98603
650 0 _aConflicto de Leyes
_940212
700 1 2 _aMejía Mejía, Bienvenido,
_eprologuista
_910415
_4pr.
910 _aYLockward
942 _2ddc
_cLBS1
999 _c59641
_d59641